| 000 | 01181nam a2200301 4500 | ||
|---|---|---|---|
| 005 | 20240530110415.0 | ||
| 008 | 150304s2003 su o g 000 0 ara d | ||
| 017 |
_a5865/1423 _bالسعودية . مكتبة الملك فهد |
||
| 020 | _a9960402606 | ||
| 040 | _aEG-CaGPL | ||
| 041 | 0 | _aara | |
| 082 | 0 | 4 |
_221 _a355.8\ _bم أ |
| 100 | 1 |
_aديياث ، اوكتافيو _qاوكتافيو ديياث |
|
| 245 | 1 | 2 |
_aالمدفعية والصواريخ / _cتاليف اوكتافيو ديياث ؛ تعريب محمد صالحى ، سعيد سبيعة |
| 250 | _aط1 | ||
| 260 |
_aالسعودية : _bمكتبة العبيكان ، _c2003 |
||
| 300 |
_a95 ص : _bايض ؛ _c32 سم |
||
| 490 | 0 |
_aالاسلحة والامداد ، _x9960402606 |
|
| 650 | 0 | 4 | _aالصواريخ |
| 650 | 0 | 4 | _aالمعدات العسكرية |
| 650 | 0 | 4 | _aالصواريخ المضادة للصواريخ |
| 650 | 0 | 4 | _aالصواريخ المضادة للطائرات |
| 650 | 0 | 4 | _aقواعد الصواريخ |
| 700 | 0 |
_aمحمد صالحى _eمعرب |
|
| 700 | 0 |
_aسعيد سبيعة _eمعرب مشارك |
|
| 942 |
_2ddc _cBK |
||
| 999 |
_c60549 _d60549 |
||